000
00363nam a22001577a 4500
003
MPLRDC
005
20220104144447.0
008
210129b ||||| |||| 00| 0 eng d
082
_a
617 LA
100
_a
柳岸
245
_a
话旧谈新录
_c
260
_a
_b
香港南苑书屋
_c
1965
300
_b
平
650
_a
中国史地杂论
942
_c
BK
_o
617 LA
999
_c
49822
_d
49812